Volume 1, March 1944 - February 1945

Bibliographic Details
Main Author: Forrestal, James V (Author)
Corporate Author: Adam Matthew Digital (Firm) (digitiser.)
Format: eBook
Language:English
Published: Marlborough, Wiltshire : Adam Matthew Digital, 2020.
Series:AM Scholar: World War Two Studies.
Subjects:
Online Access:Connect to the full text of this electronic book

MARC

Tag First Indicator Second Indicator Subfields
LEADER 00000cam a2200000Mi 4500
001 in00005482613
006 m o u
007 cr |n|---uuuuu
008 200205s2020 enk o ||| 0 eng d
005 20240917163347.5
035 |a (OCoLC)on1143478967 
040 |a UKAMD  |b eng  |c UKAMD  |d OCLCO 
035 |a (OCoLC)1143478967 
049 |a TXAM 
100 1 |a Forrestal, James V,  |e author. 
245 1 0 |a Volume 1, March 1944 - February 1945  |g 1944/03-1945/02. 
264 1 |a Marlborough, Wiltshire :  |b Adam Matthew Digital,  |c 2020. 
300 |a 1 online resource. 
336 |a text  |b txt  |2 rdacontent 
337 |a computer  |b c  |2 rdamedia 
338 |a online resource  |b cr  |2 rdacarrier 
490 1 |a AM Scholar: World War Two Studies. 
500 |a AMDigital Reference: pp. 1-189. 
534 |p Reproduction of:  |t Volume 1, March 1944 - February 1945  |c Mar 1944 - Feb 1945. 
535 1 |a Seeley G. Mudd Manuscript Library, Princeton University 
542 |f Material sourced from the Seeley G. Mudd Manuscript Library, Princeton University 
588 0 |a Description based on online resource (viewed on February 5, 2020). 
655 7 |a Electronic books.  |2 local 
710 2 |a Adam Matthew Digital (Firm),  |e digitiser. 
830 0 |a AM Scholar: World War Two Studies. 
856 4 0 |u http://proxy.library.tamu.edu/login?url=https://www.amscholar.amdigital.co.uk/Documents/Details/DJVF_REEL1_VOL1  |z Connect to the full text of this electronic book  |t 0 
955 |a Adam Matthew Scholar World War Two Studies 
994 |a 92  |b TXA 
999 f f |s 5dcb3cda-e949-4948-b7c0-90029f14c8da  |i 42b79846-01fb-4be3-8ab4-7a4e478bb1db  |t 0 
952 f f |a Texas A&M University  |b College Station  |c Electronic Resources  |d Available Online  |t 0  |h Library of Congress classification 
998 f f |t 0  |l Available Online